000 02558nam a2200325 a 4500
001 001191643
003 AM-YEHGA
005 20250618080106.0
008 161122s2016 ai a|||gr|||||||||0|arm|d
020 _a9789939911571
040 _aAM-YeHGA
041 0 _aarm
_arus
_aeng
245 0 0 _aՏնտեսության զարգացման հիմնախնդիրները ՀՀ անկախության 25-րդ ամյակի շեմին :
_bՄիջբուհական գիտաժողովի նյութեր : Մայիսի 24-25, 2016թ. = «Проблемы экономики на пороге 25-летия независимости РА» : материалы межвузовской научной конференции, 24-25 май, 2016 г. = Issues of economy development in RA at the threshold of the 25th anniversary : materials of interuniversity scientific conference, 24-25 may, 2016 /
_cԽմբագրական-հրատարակչական խորհուրդ՝ Բ. Մակիչյան; Գ. Ասատրյան; Ս.Ավետիսյան; Ա. Ճուղուրյան; Ա. Հակոբյան; Հյուսիսային համալսարան.
246 1 5 _a«Проблемы экономики на пороге 25-летия независимости РА» :
_bматериалы межвузовской научной конференции, 24-25 май, 2016 г.
246 1 5 _aIssues of Economy Development in RA at the Threshold of the 25th Anniversary :
_bmaterials of interuniversity scientific conference, 24-25 may, 2016.
260 _aԵրևան :
_bԱրսեն Ժամհարյան,
_c2016.
300 _a169 էջ :
_bաղյուսակներ ;
_c20 սմ.
504 _aՏողատակում՝ ծանոթագրություններ:
546 _aԲնագիրը՝ հայերեն, ռուսերեն և անգլերեն:
651 1 4 _aՀայաստանի Հանրապետություն
_xՏնտեսական քաղաքականություն
_vԳիտաժողովներ
700 1 _aՄակիչյան, Բորիս
_eխմբ.
_4edt
700 1 _aԱսատրյան, Գրիգոր
_eխմբ.
_4edt
700 1 _aԱվետիսյան, Սամվել
_eխմբ.
_4edt
_93131
700 1 _aՃուղուրյան, Արմեն Գևորգի,
_d1960-
_eխմբ.
_4edt
_93640
700 1 _aՀակոբյան, Ա. Ա
_eխմբ.
_4edt
710 2 _aՀյուսիսային համալսարան
_98825
711 2 _aՏնտեսության զարգացման հիմնախնդիրները ՀՀ անկախության 25-րդ ամյակի շեմին
_d(24-25 մայիսի, 2016թ.)
942 _2udc
_cBK
090 _c564099
999 _c526494
_d526494